000 00537nam a2200193Ii 4500
003 JO-AjNU
008 230606s9999||||xx |||||||||||||| ||und||
040 _aJO-AjNU
_beng
_erda
_cJO-AjNU
041 _aeng
050 1 4 _aQE537.2.J9E27.1987
245 0 0 _aNatural Resiurces Authority Geophysics and Technical Services
250 _a1 ed
264 3 1 _aAMMAN,1987
300 _a30p
336 _atext
_btxt
_2rdacontent
337 _aunmediated
_bn
_2rdamedia
338 _avolume
_bnc
_2rdacarrier
650 4 _aTechnical Services
_93674
999 _aE1916
_c1916
_d1916